|
|
|
|
| LEADER |
00917nam a22002057a 4500 |
| 001 |
AAL7329 |
| 003 |
BD-DhAAL |
| 005 |
20160219162126.0 |
| 008 |
160219m20001999bg ||||| |||| 00| 0 ben d |
| 020 |
|
|
|a 9844101433
|
| 082 |
|
|
|a 954.92
|
| 245 |
|
|
|a বাংলাদেশের মুক্তিযুদ্ধে বিদেশীদের ভূমিকা /
|c সোহরাব হাসান সম্পাদিত
|
| 260 |
|
|
|a ঢাকা :
|b মাওলা ব্রাদার্স,
|c ২০০০
|
| 300 |
|
|
|a ২৪৪ পৃ. ;
|c ২২ সে.মি.
|
| 541 |
|
|
|e 7329
|
| 651 |
|
|
|a Bangladesh
|x History
|y Revolution , 1971
|9 18057
|
| 700 |
|
|
|a হাসান, সোহরাব
|9 18058
|
| 942 |
|
|
|2 ddc
|c BK
|
| 999 |
|
|
|c 36885
|d 36885
|
| 952 |
|
|
|0 0
|1 0
|2 ddc
|4 0
|6 954_920000000000000_BAN
|7 0
|9 58065
|a SCL
|b SCL
|c GEN
|d 2016-02-19
|g 160.00
|l 7
|m 3
|o 954.92 BAN
|p 3020007329
|r 2025-04-29
|s 2025-04-28
|t 1
|w 2016-02-19
|y BK
|